[Event "Salamanca"]
[Site "Salamanca"]
[Date "1990.??.??"]
[Round "8"]
[White "Todorcevic, Miodrag"]
[Black "Rodriguez Vargas, Orestes"]
[Result "1/2-1/2"]
[WhiteElo "2550"]
[BlackElo "2500"]

1.Nf3 d5 2.g3 Bg4 3.Bg2 Nd7 4.d3 e5 5.O-O Ngf6 6.c4 dxc4 7.dxc4 c6 8.Nc3 Be7
9.b3 O-O 10.Bb2 Re8 11.Qc2 Bf8 12.h3 Bh5 13.Nh4 Nc5 14.Rad1 Qc7 15.g4 Bg6
16.Nxg6 hxg6 17.e3 a5 18.Ne2 Na6 19.a3 Bd6 20.Ng3 Qe7 21.g5 Nh7 22.Ne4 Bxa3
23.Bxa3 Qxa3 24.c5 Qb4 25.h4 Red8 26.Ra1 Qb5 27.Qc3 Nb4 28.Qxe5 Qd3 29.Nd6 Qxb3
30.Rfb1 Qc2 31.Be4 Nd3 32.Bxd3 Qxd3 33.Rxb7 Rf8 34.h5 Qe2 35.hxg6 Qg4+ 36.Kf1 Nxg5
37.gxf7+ Nxf7 38.Nxf7 Rxf7 39.Rxf7 Qc4+ 40.Kg2 Qxf7 41.Ra4 Rf8 42.Qg3 Qd5+
43.e4 Qxc5 44.Qb3+ Rf7 45.Qb8+ Kh7 46.Qh2+ Kg8 47.Qb8+  1/2-1/2

[Event "Santa Clara"]
[Site "Santa Clara"]
[Date "1990.??.??"]
[Round "4"]
[White "Martin del Campo, Jorge"]
[Black "Sieiro Gonzalez, Luis"]
[Result "1/2-1/2"]
[WhiteElo "2465"]
[BlackElo "2360"]

1.Nf3 d5 2.g3 Nf6 3.Bg2 e6 4.O-O Be7 5.d3 c5 6.Nbd2 Nc6 7.e4 b6 8.Re1 Bb7
9.c3 Qc7 10.Qe2 a5 11.e5 Nd7 12.Nf1 a4 13.a3 b5 14.h4 b4 15.Bf4 bxc3 16.bxc3 h6
17.h5 Na5 18.N3d2 Nb6 19.Reb1 c4 20.dxc4 Ba6 21.Qg4 Kf8 22.Rxb6 Qxb6 23.cxd5 exd5
24.Bxd5 Rd8 25.Be3 Qc7 26.Qf3 f6 27.Bd4 Rxd5 28.Qxd5 Bb7 29.exf6 gxf6 30.Qe6 Qc6
31.Qxc6 Bxc6 32.Bb6 Nb7 33.Ne3 Rg8 34.Nf5 Rg5 35.Nd4 Bd7 36.Ne4 Rxh5 37.f4 Nd6
38.Nxd6 Bxd6 39.c4 Bc8 40.Re1 Kf7 41.Re3 Bc5 42.Bxc5 Rxc5 43.Nb5 Rc6 44.Re4 Bf5
45.Re3 Bc8 46.Kf2 Kg6 47.Re4 Be6 48.Na7 Ra6 49.c5 Kf5 50.Ke3 Rxa7 51.g4+ Kxg4
52.Rxe6 Kf5 53.Rd6 Re7+ 54.Kd4 h5 55.c6 h4 56.Kc5 h3 57.Kb6 h2 58.Rd1 Kxf4
59.c7 Rxc7 60.Kxc7 Kg3 61.Kd6 Kg2  1/2-1/2

[Event "Wch Girls U20"]
[Site "Santiago"]
[Date "1990.??.??"]
[Round "?"]
[White "Kunze, Kerstin"]
[Black "Baciu Ionescu, Otilia"]
[Result "1/2-1/2"]
[WhiteElo "2205"]
[BlackElo "2035"]

1.Nf3 d5 2.g3 Nf6 3.Bg2 e6 4.O-O Be7 5.c4 O-O 6.b3 c5 7.Bb2 Nc6 8.d3 d4 9.e3 e5
10.exd4 cxd4 11.Qe2 Nd7 12.Re1 Re8 13.Na3 f6 14.Nh4 Nc5 15.Nc2 f5 16.Bd5+ Kh8
17.Ng2 Bd7 18.b4 Na4 19.Ba3 Nc3 20.Qf3 Qc7 21.Bf7 Rf8 22.Qh5 Be8 23.Bxe8 Raxe8
24.Nh4 Bxh4 25.Qxh4 b5 26.cxb5 Nxb5 27.Bb2 e4 28.Red1 Ne5 29.Ne1 exd3 30.Qf4 Qb7
31.Bxd4 Nxd4 32.Qxd4 f4 33.Rac1 fxg3 34.hxg3 Rf6 35.Rc5 Rh6 36.Qd5 Qxd5 37.Rxd5 Ra6
38.Nxd3 Nxd3 39.R5xd3 Rxa2 40.Re3 Rf8  1/2-1/2

[Event "GRE-ch"]
[Site "Serres"]
[Date "1990.??.??"]
[Round "14"]
[White "Lagopatis, Nikolaos"]
[Black "Psaras, Stilianos"]
[Result "1/2-1/2"]
[WhiteElo "2235"]
[BlackElo "2270"]

1.Nf3 d5 2.g3 Nf6 3.Bg2 c5 4.O-O Nc6 5.d3 h6 6.Nbd2 e5 7.e4 dxe4 8.dxe4 Be6
9.c3 Be7 10.Qe2 O-O 11.Re1 Qc7  1/2-1/2

[Event "Sibenik op"]
[Site "Sibenik"]
[Date "1990.??.??"]
[Round "?"]
[White "Petrosian, Arshak B"]
[Black "Sveshnikov, Evgeny"]
[Result "1-0"]
[WhiteElo "2480"]
[BlackElo "2515"]

1.Nf3 d5 2.g3 c6 3.Bg2 Nf6 4.O-O Bf5 5.d3 e6 6.Nbd2 Be7 7.Qe1 h6 8.e4 Bh7
9.Qe2 O-O 10.b3 a5 11.a4 c5 12.Ne5 Nbd7 13.Nxd7 Qxd7 14.Bb2 Rfd8 15.Rad1 d4
16.Nc4 Ra6 17.Ra1 Ne8 18.e5 Rb8 19.Bc1 Nc7 20.Bd2 b6 21.f4 Nd5 22.g4 Qd8
23.Rf2 Ra7 24.Raf1 Bh4 25.Rf3 b5 26.axb5 a4 27.Ra1 Rba8 28.bxa4 Rxa4 29.Rxa4 Rxa4
30.Rf1 Ra2 31.Qd1 g5 32.f5 exf5 33.gxf5 Nc3 34.Bxc3 dxc3 35.b6 Ra4 36.b7 Rb4
37.Qa1 Qd4+ 38.Kh1  1-0

[Event "UKR-ch"]
[Site "Simferopol"]
[Date "1990.??.??"]
[Round "?"]
[White "Panchenko, Alexandar G"]
[Black "Ginsburg, Gennadij"]
[Result "1-0"]
[WhiteElo "2375"]
[BlackElo "2280"]

1.Nf3 d5 2.g3 c5 3.Bg2 Nc6 4.d4 Nf6 5.O-O e6 6.c4 Be7 7.cxd5 exd5 8.Nc3 O-O
9.b3 Ne4 10.Bb2 Bf6 11.Na4 b6 12.Rc1 Re8 13.dxc5 Bxb2 14.Nxb2 bxc5 15.Na4 Ba6
16.Re1 c4 17.Nd2 Qf6 18.Nxe4 dxe4 19.Nc3 Rad8 20.Nd5 Qb2 21.Rc2 Qe5 22.bxc4 Nd4
23.Rc1 Bxc4 24.Rxc4 Qxd5 25.Qa4 Re7 26.Kf1 Rb7 27.e3 Nf3 28.Bxf3 exf3 29.Rd4 Qg5
30.Qc6 Rb2 31.Qxf3 Rc8 32.a4 h6 33.Rf4 Qe7 34.Rd1 Rcc2 35.Qa8+ Kh7 36.Qd5 Rc7
37.Qd3+ g6 38.Qd5 Rbc2 39.h4 h5 40.Rdd4 R2c5 41.Qa8 Rc8 42.Qf3 Kg7 43.Kg2 Rc1
44.Rfe4 Qb7 45.Rd6 Rb1 46.Rf4 Rcc1 47.Qxb7 Rxb7 48.Ra6 Rc2 49.g4 hxg4 50.Rxg4 Kh6
51.Rf4 Rd7 52.Ra5 Rc6 53.Kg3 Rc1 54.Rf6 Kg7 55.Rf4 Kh6 56.h5 Rg1+ 57.Kh2 Rg5
58.Rxg5 Kxg5 59.hxg6 Kxg6 60.Rc4 Rd6 61.Rc5 Ra6 62.a5 Kf6 63.Kg3 Ke6 64.Kf4 Rd6
65.e4 f6 66.f3 Ra6 67.Ke3 Rd6 68.f4 Ra6 69.Kd4 Kf7 70.f5 Ke7 71.Kc4 Kd6 72.Kb4 Ke7
73.Kb5 Rd6 74.Rd5 Rxd5+ 75.exd5 Kd6 76.Ka6 Kxd5 77.Kxa7 Kc6 78.Kb8  1-0

[Event "Sion"]
[Site "Sion"]
[Date "1990.??.??"]
[Round "?"]
[White "Terreaux, Gilles"]
[Black "Streitberg, Petr"]
[Result "1/2-1/2"]
[WhiteElo "2290"]
[BlackElo "2275"]

1.Nf3 d5 2.g3 c6 3.Bg2 Bg4 4.O-O e6 5.b3 Nd7 6.Bb2 Ngf6 7.c4 Bd6 8.d4 O-O
9.Ne5 Bf5 10.Nd2 Qe7 11.Nxd7 Nxd7 12.e4 dxe4 13.Nxe4 Bxe4 14.Bxe4 Ba3 15.Bc3 Bb4
16.Qc2 Nf6 17.Bf3 Rfd8 18.Bb2 Ba3 19.Rad1 Bxb2 20.Qxb2 a5 21.a3 Qc7 22.Rd2 Rd7
23.Rfd1 Rad8 24.Kg2 h6 25.Qc3 Ra8 26.h4 Qd6 27.Qb2 Rad8 28.Rd3 Ra8 29.Re3 Rad8
30.Re5 Qc7 31.Qc3 b6 32.Ree1 Rb8 33.b4 axb4 34.axb4 b5 35.cxb5  1/2-1/2

[Event "Sion"]
[Site "Sion"]
[Date "1990.??.??"]
[Round "?"]
[White "Terreaux, Gilles"]
[Black "Neckar, Lubomir"]
[Result "1/2-1/2"]
[WhiteElo "2290"]
[BlackElo "2340"]

1.Nf3 d5 2.g3 e6 3.Bg2 Nf6 4.b3 Be7 5.Bb2 O-O 6.c4 c5 7.O-O Nc6 8.e3 Qa5
9.Qe2 Rd8 10.d3 Bd7 11.Nc3 Be8 12.Rfd1 Rac8  1/2-1/2

[Event "Sion"]
[Site "Sion"]
[Date "1990.??.??"]
[Round "?"]
[White "Terreaux, Gilles"]
[Black "Joksic, Sinisa"]
[Result "0-1"]
[WhiteElo "2290"]
[BlackElo "2320"]

1.Nf3 d5 2.g3 Nf6 3.Bg2 c6 4.O-O Bf5 5.d3 h6 6.Nbd2 Bh7 7.e3 Nbd7 8.Qe2 e6
9.e4 dxe4 10.dxe4 Nc5 11.Ne1 Be7 12.b3 Qd4 13.Rb1 Rd8 14.Nc4 Bxe4 15.Bb2 Qd5
16.Ne3 Qd2 17.Qxd2 Rxd2 18.Nf3 Rd8 19.Rbd1 O-O 20.Ne5 Bxg2 21.Kxg2 Rxd1 22.Rxd1 Rd8
23.Rxd8+ Bxd8 24.Bd4 Bb6 25.N3c4 Nfd7 26.Nxb6 axb6 27.Nc4 b5 28.Nd6 b4 29.c3 bxc3
30.Bxc3 b6 31.Nc8 Ne4 32.Bb2 c5 33.Kf3 Nef6 34.Bxf6 gxf6 35.Na7 Kf8 36.Nb5 Ke7
37.Ke4 f5+ 38.Ke3 Nf6 39.h3 Nd5+ 40.Kd3 Nb4+ 41.Kc4 Nxa2 42.Na3 Kd7 43.Kb5 Kc7
44.Nc2 Nc3+  0-1

[Event "Sion"]
[Site "Sion"]
[Date "1990.??.??"]
[Round "?"]
[White "Terreaux, Gilles"]
[Black "Bednarski, Jacek B"]
[Result "1-0"]
[WhiteElo "2290"]
[BlackElo "2325"]

1.Nf3 d5 2.g3 Bg4 3.Bg2 Nd7 4.O-O c6 5.d4 e6 6.b3 h5 7.h3 Bxf3 8.Bxf3 Bd6
9.c4 f5 10.cxd5 cxd5 11.Ba3 Bxa3 12.Nxa3 Qa5 13.Qc1 Ngf6 14.b4 Qb6 15.h4 Kf7
16.Qd2 Rhc8 17.Rac1 a6 18.Kg2 Qd6 19.e3 Qf8 20.Qb2 Nb6 21.Qb3 g6 22.Rfd1 Qe8
23.b5 a5 24.Rc5 Nfd7 25.Rcc1 Qe7 26.Nc2 Rc7 27.Ne1 Rac8 28.Rxc7 Rxc7 29.Nd3 Nc4
30.Nf4 Qa3 31.Nxd5 Rc8 32.Nf4 Qxb3 33.axb3 Nd6 34.Ra1 b6 35.Bc6 Nb8 36.d5 e5
37.Ne2  1-0

[Event "BUL-FRA m"]
[Site "Sofia"]
[Date "1990.??.??"]
[Round "6"]
[White "Radulov, Ivan"]
[Black "Boudy, Julio"]
[Result "1/2-1/2"]
[WhiteElo "2425"]
[BlackElo "2305"]

1.Nf3 d5 2.g3 c6 3.Bg2 Bg4 4.O-O Nd7 5.d3 e6 6.c4 Bd6 7.Nc3 Ne7 8.h3 Bxf3
9.Bxf3 O-O 10.cxd5 cxd5 11.e4 dxe4 12.dxe4 Ne5 13.Be2 Bc5 14.Kg2 Qxd1 15.Rxd1 Rfd8
16.Bd2 Rd4 17.Be1 Rad8 18.Rxd4 Bxd4 19.Rd1 N7c6 20.Nb5 Bxb2 21.Rxd8+ Nxd8
22.Nxa7 Ndc6 23.Nb5 Nd4 24.Nxd4 Bxd4 25.Bb5 g5 26.Kf1 Ng6 27.Ke2 Kg7 28.Kd3 Bc5
29.Bc3+ f6 30.Bd4 Ne5+ 31.Kc3 Bd6 32.Kb3 Kf7 33.Ka4 Ke7 34.Be2 Kd7 35.Kb3 Bc7
36.Bc3 Ke7 37.Bd4 Nf7 38.Kc4 Ne5+ 39.Kb5 Nf7 40.Kb4 Ne5 41.Kc3 Ba5+ 42.Kb3 Bc7
43.Ka4 Kd6 44.Kb5 Ke7 45.Bc5+ Kd7 46.Bh5 Nd3 47.Bd4 Ke7 48.Be3 Ne5 49.Bb6 Kd7
50.Be2 Nf7 51.Kc5 Bd6+ 52.Kb5 Bc7 53.Bd3 Ne5 54.Bc2 Bxb6 55.Kxb6 Kc8 56.Bb3 Nd7+
57.Kb5 Nf8 58.Kb6 Nd7+  1/2-1/2

[Event "Stara Zagora zt-A"]
[Site "Stara Zagora"]
[Date "1990.??.??"]
[Round "11"]
[White "Ninov, Kiril"]
[Black "Blatny, Pavel"]
[Result "1-0"]
[WhiteElo "2465"]
[BlackElo "2510"]

1.Nf3 d5 2.g3 c5 3.Bg2 Nc6 4.d4 Nf6 5.O-O e6 6.c4 dxc4 7.dxc5 Qxd1 8.Rxd1 Bxc5
9.Nbd2 Ng4 10.Ne4 Be7 11.h3 Nge5 12.Nxe5 Nxe5 13.Bf4 Nc6 14.Nd6+ Bxd6 15.Bxd6 e5
16.Rac1 Be6 17.Bxc6+ bxc6 18.Bxe5 O-O 19.g4 Rfe8 20.Bc3 Bd5 21.Rd2 Be6 22.Rcd1 f5
23.gxf5 Bxf5 24.h4 Re7 25.f3 Rae8 26.e4 Bg6 27.Rd7 Bf7 28.Kf2 Be6 29.Rxe7 Rxe7
30.Rd8+ Kf7 31.Ke3 Rd7 32.Ra8 Rd3+ 33.Kf4 Rd7 34.Rc8 Bh3 35.Rxc6 Bf1 36.Rc8 Bg2
37.Kg3 Bh1 38.Ra8 g6 39.Bb4 Rb7 40.a3 Rd7 41.Bc5 Rd2 42.Rxa7+ Ke6 43.Kf4  1-0

[Event "Stockholm"]
[Site "Stockholm"]
[Date "1990.??.??"]
[Round "?"]
[White "Karlsson, Lars"]
[Black "Wedberg, Tom"]
[Result "1/2-1/2"]
[WhiteElo "2495"]
[BlackElo "2480"]

1.Nf3 d5 2.g3 c6 3.Bg2 Bg4 4.b3 Nd7 5.Bb2 e6 6.O-O Ngf6 7.c4 Bd6 8.d4 O-O
9.Ne5 Bf5 10.Nd3 Re8 11.Nc3 dxc4 12.bxc4 e5 13.e3 exd4 14.exd4 Qa5 15.c5 Bc7
16.Nc1 Rad8 17.Nb3 Qa6 18.Qc1 Nf8 19.Rd1 Bd3 20.Qd2 Bc4 21.Qc2 Nd5 22.Ne4 Nb4
23.Qc3 Nd5 24.Qc2  1/2-1/2

[Event "Tarrassa"]
[Site "Tarrassa"]
[Date "1990.??.??"]
[Round "6"]
[White "Spraggett, Kevin"]
[Black "Magem Badals, Jorge"]
[Result "0-1"]
[WhiteElo "2555"]
[BlackElo "2460"]

1.g3 d5 2.Nf3 Nf6 3.Bg2 e6 4.O-O Be7 5.c4 O-O 6.b3 c5 7.Bb2 b6 8.cxd5 Nxd5
9.d4 Bb7 10.dxc5 Bxc5 11.Nbd2 Na6 12.a3 Be7 13.b4 Rc8 14.Qb3 Nf6 15.Nd4 Bxg2
16.Kxg2 Qd7 17.Rac1 Nb8 18.N2f3 Rxc1 19.Rxc1 Rc8 20.Rd1 Qd5 21.Qa4 a6 22.Rd2 Ne4
23.Rc2 Qb7 24.b5 Rxc2 25.bxa6 Nxa6 26.Qe8+ Bf8 27.Nxc2 Nd6 28.Qa4 Nc5 29.Qf4 Qe4
30.Ne3 Qxf4 31.gxf4 Na4 32.Bd4 b5 33.Ne5 Ne4 34.Nc2 Nec3 35.Bxc3 Nxc3 36.Kf3 Nb1
37.Nc6 Nxa3 38.Nxa3 Bxa3 39.Nd4 b4 40.Nc2 Kf8 41.e3 Ke7 42.Ke4 Kd6 43.Kd4 g6
44.f3 h5 45.h3 f6 46.e4 Bb2+ 47.Kc4 Bc1 48.Nxb4 Bxf4 49.Kd3 Bh2 50.Ke2 Ke5
51.Nd3+ Kd4 52.Nb4 Bc7 53.Nd3 Bd6 54.Ne1 Bc7 55.Nd3 Bb8 56.Nb4 Bc7 57.Nd3 Bg3
58.Kd2 Bb8 59.Ke2 Bh2 60.Kd2 Bd6 61.Ke2 g5 62.h4 gxh4 63.Nf2 Bf4 64.Kf1 Be3
65.Nh3 Kd3 66.Kg2 e5  0-1

[Event "Toulouse op"]
[Site "Toulouse"]
[Date "1990.??.??"]
[Round "8"]
[White "Dunnington, Angus J"]
[Black "Dextre, Eric"]
[Result "1/2-1/2"]
[WhiteElo "2370"]
[BlackElo "2225"]

1.Nf3 d5 2.g3 Nf6 3.Bg2 c6 4.O-O Bg4 5.c4 Nbd7 6.cxd5 cxd5 7.Nc3 e6 8.Qb3 Bc5
9.d3 O-O 10.Bg5 Bb6 11.Na4 Nc5 12.Nxc5 Bxc5 13.Rac1 Qb6 14.Qxb6 Bxb6 15.Rc2 Rfc8
16.Rfc1 Rxc2 17.Rxc2 Nd7 18.Bd2 f6 19.Be3 Kf7 20.h3 Bh5 21.g4 Bg6 22.Nh4 Ke7
23.Nxg6+ hxg6 24.Bd2 Ne5 25.Kf1 Nc6 26.e3 g5 27.Ke2 Kd6 28.Rc1 Rc8 29.Rh1 Ba5
30.Bxa5 Nxa5 31.Kd2 Nc6 32.Rc1 Ne7  1/2-1/2

[Event "Vladivostok op"]
[Site "Vladivostok"]
[Date "1990.??.??"]
[Round "?"]
[White "Khasin, Alexander"]
[Black "Budnikov, Alexandar"]
[Result "1-0"]
[WhiteElo "2475"]
[BlackElo "2400"]

1.g3 d5 2.Nf3 Bg4 3.Ne5 Bh5 4.c4 f6 5.Nd3 dxc4 6.Qa4+ c6 7.Qxc4 e5 8.Nc3 Bf7
9.Qa4 Bg6 10.Bg2 Bxd3 11.exd3 Nd7 12.d4 Nb6 13.Qb3 Qxd4 14.O-O O-O-O 15.d3 Qb4
16.Qc2 f5 17.Be3 Nf6 18.a4 Qa5 19.Bh3 g6 20.Bg5 Be7 21.Bxf6 Bxf6 22.b4 Qxb4
23.a5 Nd7 24.Rfb1 Qd4 25.Ra4 Qd6 26.Nb5 Qe6 27.Nxa7+ Kc7 28.a6 Rb8 29.Bg2 bxa6
30.Rxa6 Rxb1+ 31.Qxb1 Rb8 32.Qc2 Rb6 33.Nxc6 Rxa6 34.Nd4+ Kd8 35.Nxe6+ Rxe6
36.Bc6 Rd6 37.Qc4 Ke7 38.Qb4 Nf8 39.Kg2 h6 40.Qc5 Nd7 41.Bxd7 Kxd7 42.Qa7+ Ke6
43.Qh7 g5 44.h3 h5 45.Qxh5 Rxd3 46.Qe8+ Be7 47.Qg6+ Bf6 48.g4 Rd4 49.Qe8+ Kd6
50.gxf5 Kc5 51.Qc8+  1-0

[Event "Vladivostok op"]
[Site "Vladivostok"]
[Date "1990.??.??"]
[Round "?"]
[White "Zhuraev, A."]
[Black "Kharlov, Andrei"]
[Result "1/2-1/2"]
[WhiteElo "2300"]
[BlackElo "2425"]

1.Nf3 d5 2.g3 Bg4 3.Bg2 Nd7 4.O-O c6 5.d3 e5 6.c4 dxc4 7.dxc4 Ngf6 8.Nc3 Be7
9.h3 Bf5 10.Nh4 Be6 11.b3 Nf8 12.Nf3 Ng6 13.Ng5 Bf5 14.Nge4 Nxe4 15.Nxe4 O-O
16.Qc2 Qc8 17.Kh2 Rd8 18.Bb2 Be6 19.Rad1 f5 20.Nd2 e4 21.c5 Qc7 22.f4 exf3
23.Nxf3 f4 24.Nd4 fxg3+ 25.Kh1 Qc8 26.Qc3 Bf6 27.Rxf6 gxf6 28.Rf1 Bxh3 29.Rxf6 Bxg2+
30.Kxg2 Qg4 31.Nf3 Rd7 32.Rxg6+ Qxg6 33.Qh8+ Kf7 34.Qxa8 Re7 35.Be5 Qe4 36.Qh8 Qxe2+
37.Kxg3 Qd3 38.Qf6+ Ke8 39.Bd6 Re3 40.Qf8+ Kd7 41.Qf7+ Kd8 42.Qc7+ Ke8 43.Qc8+ Kf7
44.Qf8+ Kg6 45.Qg8+ Kf6 46.Qg5+ Kf7 47.Qf4+ Ke6 48.Kg4 h5+ 49.Kg3 a5 50.Qh6+ Kf7
51.Qxh5+ Qg6+ 52.Qxg6+ Kxg6 53.Kf4 Rc3 54.Ne5+ Kh7 55.Nc4 a4 56.Na5 a3 57.Nc4 Rc2
58.Nxa3 Rxa2 59.Nc4 Kg6 60.Bc7 Kf6 61.Na5 Ra3 62.Be5+ Ke6 63.Bc3 Kd5 64.Bb4 Ra1
65.Nxb7 Rh1 66.Kg3 Rh8 67.Na5 Rb8 68.Ba3 Ra8 69.b4 Rf8 70.Kg2 Rf7 71.Bc1 Rf8
72.Bd2 Ra8  1/2-1/2

[Event "Voskresensk"]
[Site "Voskresensk"]
[Date "1990.??.??"]
[Round "?"]
[White "Dizdar, Goran"]
[Black "Khenkin, Igor"]
[Result "1/2-1/2"]
[WhiteElo "2470"]
[BlackElo "2450"]

1.Nf3 d5 2.g3 g6 3.c4 e6 4.Bg2 Bg7 5.O-O Ne7 6.d4 Nbc6 7.e3 O-O 8.Nc3 dxc4
9.Qe2 e5 10.Nxe5 Nxe5 11.dxe5 Qd3 12.Qxd3 cxd3 13.f4 Rd8 14.Bd2 f6 15.exf6 Bxf6
16.Rac1 c6 17.Bf3 Be6 18.b3 a5 19.Rfd1 Bf7 20.Be1 Nf5 21.Kf2 Be7 22.Be4  1/2-1/2

[Event "Warsaw Legion op"]
[Site "Warsaw"]
[Date "1990.??.??"]
[Round "?"]
[White "Kislov, Mikhail"]
[Black "Bernard, Ryszard"]
[Result "1-0"]
[WhiteElo "2425"]
[BlackElo "2340"]

1.Nf3 d5 2.g3 Nf6 3.Bg2 c6 4.d3 Bf5 5.O-O h6 6.Nbd2 e6 7.Qe1 Be7 8.e4 Bh7
9.Qe2 O-O 10.a4 c5 11.Ne5 Nbd7 12.Nxd7 Qxd7 13.e5 Ne8 14.Re1 Nc7 15.b3 Na6
16.Nf3 Nb4 17.Rd1 Qc7 18.Bf4 Rac8 19.c3 Nc6 20.h4 Na5 21.Qb2 Qb6 22.Rab1 Rfd8
23.Be3 Qc7 24.Rbc1 c4 25.dxc4 dxc4 26.b4 Nc6 27.Rxd8+ Rxd8 28.b5 Na5 29.b6 Qc8
30.bxa7 Nb3 31.Nd4 Bc5 32.Nxb3 Bxe3 33.fxe3 cxb3 34.Qxb3 Qc5 35.Qxb7 Qxe3+
36.Kh2  1-0

[Event "Washington op"]
[Site "Washington"]
[Date "1990.??.??"]
[Round "?"]
[White "Ashley, Maurice"]
[Black "Dreev, Alexey"]
[Result "0-1"]
[WhiteElo "2380"]
[BlackElo "2605"]

1.Nf3 d5 2.g3 c6 3.Bg2 Bg4 4.c4 e6 5.O-O Nd7 6.d3 Ngf6 7.Qc2 Bd6 8.e4 O-O
9.Nc3 dxe4 10.dxe4 e5 11.Nh4 Re8 12.h3 Be6 13.Rd1 Bc5 14.Nd5 cxd5 15.cxd5 Bxd5
16.exd5 Rc8 17.Qe2 Qb6 18.Nf5 g6 19.Ne3 e4 20.b4 Bd4 21.Bb2 Bxb2 22.Qxb2 Ne5
23.Bf1 h5 24.Be2 h4 25.g4 Qd6 26.Kg2 Nf3 27.Bxf3 exf3+ 28.Kh1 Rxe3 29.fxe3 Ne4
30.Rf1 Ng3+ 31.Kg1 Ne2+  0-1

[Event "Werfen"]
[Site "Werfen"]
[Date "1990.??.??"]
[Round "2"]
[White "Gyorkos, Lajos"]
[Black "Herndl, Harald"]
[Result "0-1"]
[WhiteElo "2310"]
[BlackElo "2300"]

1.Nf3 d5 2.g3 Nf6 3.Bg2 Bg4 4.c4 c6 5.cxd5 cxd5 6.Ne5 Bh5 7.Qa4+ Nbd7 8.g4 Qc7
9.Nc3 Qxe5 10.gxh5 a6 11.d4 Qd6 12.Qb3 e6 13.Bf3 b5 14.e4 dxe4 15.Nxe4 Nxe4
16.Bxe4 Rc8 17.Be3 Be7 18.a4 b4 19.Qd3 a5 20.Qb5 f5 21.Bb7 Rc2 22.Rd1 O-O
23.d5 e5 24.Rc1 Rxc1+ 25.Bxc1 Rb8 26.Qc6 Nc5 27.Qxd6 Bxd6 28.Bc6 e4 29.Bb5 f4
30.Rg1 Nb3 31.Bd2 Nd4 32.Be2 e3 33.fxe3 fxe3 34.Bc1 Rc8 35.Kd1 Rxc1+  0-1

[Event "Wiesbaden op"]
[Site "Wiesbaden"]
[Date "1990.??.??"]
[Round "?"]
[White "Bockius, Albert"]
[Black "Simon, Ralf Axel"]
[Result "1/2-1/2"]
[WhiteElo "2260"]
[BlackElo "2340"]

1.Nf3 d5 2.g3 Nf6 3.Bg2 Nbd7 4.d4 b5 5.Nbd2 Bb7 6.a4 b4 7.Ne5 e6 8.f4 c5
9.c3 cxd4 10.cxd4 Qb6 11.Nxd7 Nxd7 12.Nb3 a5 13.O-O f5 14.Be3 Rc8 15.Qd2 Be7
16.Rac1 O-O 17.Bf2 Rxc1 18.Rxc1 Rc8  1/2-1/2

[Event "Wuppertal (Women)"]
[Site "Wuppertal"]
[Date "1990.??.??"]
[Round "9"]
[White "Chilingirova, Pavlina"]
[Black "Heintze, Marion"]
[Result "1-0"]
[WhiteElo "2195"]
[BlackElo "2180"]

1.Nf3 d5 2.g3 Nf6 3.Bg2 e6 4.O-O Be7 5.d4 O-O 6.c4 dxc4 7.Qc2 a6 8.Qxc4 b5
9.Qc2 Bb7 10.Bg5 Nbd7 11.Nbd2 Rc8 12.Bxf6 Nxf6 13.Nb3 Be4 14.Qc1 c5 15.dxc5 Qd5
16.Rd1 Qh5 17.h3 Rfd8 18.Rxd8+ Rxd8 19.Qe3 Qd5 20.Rc1 Rc8 21.Ne1 a5 22.Bxe4 Nxe4
23.Nd3 Bg5 24.Nf4 Bxf4 25.gxf4 a4 26.Nd4 b4 27.c6 h6 28.f3 Ng3 29.Kg2 Nf5
30.Nxf5 exf5 31.b3 axb3 32.axb3 g6 33.c7 Qd7 34.Qe5 Kh7 35.Rc4 Re8 36.Qb2 Qd1
37.Rc2 Qd7 38.Qf6 Rc8 39.Qe5 Qd1 40.Qc5 Qd7 41.Qc4 Kg7 42.Qxb4 Rxc7 43.Rxc7 Qxc7
44.Qd4+ f6 45.Qc4 Qd6 46.b4 g5 47.fxg5 fxg5 48.b5 Kf8 49.Qc8+ Ke7 50.Qxf5 Qb6
51.Qd5  1-0

[Event "Xanthi"]
[Site "Xanthi"]
[Date "1990.??.??"]
[Round "6"]
[White "Velikov, Petar"]
[Black "Delithanasis, Dimitrios"]
[Result "1/2-1/2"]
[WhiteElo "2495"]
[BlackElo "2215"]

1.Nf3 d5 2.g3 Nf6 3.Bg2 e6 4.O-O Be7 5.c4 O-O 6.b3 c5 7.e3 Nc6 8.Bb2 d4 9.exd4 cxd4
10.Re1 Ne8 11.d3 f6 12.Ba3 Nd6 13.b4 Nf7 14.b5 Nce5 15.Nxe5 Nxe5 16.f4 Nd7
17.Bxe7 Qxe7 18.Nd2 Nc5 19.Nb3 Rd8 20.Nxc5 Qxc5 21.a4 a5 22.Ra2 Ra7 23.Rae2 b6
24.Bh3 f5 25.Bg2 Rc7 26.Qb3 h6 27.Re5 Qf8 28.Bc6 Qd6 29.c5 bxc5 30.Qc4 Kh7
31.Qxc5 Kg6 32.Rc1 Qxc5 33.Rexc5 Bd7 34.Bxd7 Rxc5 35.Rxc5 Rxd7 36.Rc6 Kf6
37.h4 g6 38.Kf2 g5 39.h5 Rd5 40.Ke2 Ke7 41.Kd2 g4 42.Ra6 e5 43.fxe5 Rxe5
44.Rxa5 Kd7 45.Ra7+ Kc8 46.Rf7 Re3 47.Rxf5 Rxg3 48.a5 Rg2+ 49.Ke1 Ra2 50.a6 Kb8
51.Rd5 Rb2 52.Kf1 Kc7 53.Kg1 Kb8 54.Rd6 Rxb5 55.Rxh6 Ka7 56.Kg2 Re5 57.Kg3 Re3+
58.Kxg4 Rxd3 59.Rd6 Rd1 60.h6 d3 61.Kf4 Rh1 62.Ke3 Rh3+ 63.Kd2 Kb8 64.Kc3 Ka7
65.Re6 Kb8 66.Rc6 Ka7 67.Rd6  1/2-1/2

[Event "Yaroslavl"]
[Site "Yaroslavl"]
[Date "1990.??.??"]
[Round "?"]
[White "Yuferov, Sergey  N"]
[Black "Masternak, Grzegorz"]
[Result "1-0"]
[WhiteElo "2400"]
[BlackElo "2360"]

1.Nf3 d5 2.g3 g6 3.Bg2 Bg7 4.d4 e6 5.O-O Ne7 6.c3 O-O 7.Nbd2 Nd7 8.e4 dxe4
9.Nxe4 e5 10.dxe5 Nxe5 11.Qxd8 Nxf3+ 12.Bxf3 Rxd8 13.Bg5 Re8 14.Rfe1 Kf8
15.Nc5 c6 16.Rad1 f6 17.Bf4 Nf5 18.Bc7 Rxe1+ 19.Rxe1 Kf7 20.Bd1 Bf8 21.Bb3+ Kg7
22.Ne4 Be7 23.Rd1 Kf8 24.Bd8 Ng7 25.Bxe7+ Kxe7 26.Re1 Nf5 27.f3 h5 28.Kf2 b6
29.Ng5+ Kd6 30.Nh7 Ne7 31.Nxf6 Bf5 32.g4 hxg4 33.fxg4 Bc8 34.Bf7 Nd5 35.Ne8+ Kc5
36.b4+ Kc4 37.Re3  1-0

[Event "Yaroslavl"]
[Site "Yaroslavl"]
[Date "1990.??.??"]
[Round "?"]
[White "Reschke, Stefan"]
[Black "Shabanov, Yuri"]
[Result "1/2-1/2"]
[WhiteElo "2285"]
[BlackElo "2375"]

1.Nf3 d5 2.g3 Nf6 3.c4 c6 4.b3 Bg4 5.Ne5 Bh5 6.Bb2 e6 7.Bg2 Nbd7 8.Nxd7 Qxd7
9.O-O Be7 10.d3 O-O 11.Qc2 Rfd8 12.Re1 Ne8 13.Nd2 a5 14.a3 Bf6 15.Bf3 Bxf3
16.Nxf3 Qe7 17.Rad1 Bxb2 18.Qxb2 Nf6 19.Ra1 Nd7 20.b4 Qf6 21.Qxf6 Nxf6 22.Reb1 dxc4
23.dxc4 Ne4 24.Kf1 Kf8 25.Ke1 f6 26.b5 c5 27.Rd1 Ke7 28.Rd3 Nd6 29.Rc1 Rd7
30.Nd2 Rad8 31.Rd1 h5 32.Rb1 b6 33.Rbb3 g5 34.h3 g4 35.h4 f5 36.Rbc3 Ne4
37.Nxe4 fxe4 38.Rxd7+ Rxd7 39.Rc2 Rd4 40.Rc3 Kf6 41.a4 Ke5 42.Rc2 Rd7 43.Rc1 Rd8  1/2-1/2

[Event "Aarhus-B"]
[Site "Aarhus"]
[Date "1991.??.??"]
[Round "?"]
[White "Kjeldsen, Jens"]
[Black "Boe, Mads"]
[Result "1-0"]
[WhiteElo "2305"]
[BlackElo "2355"]

1.Nf3 d5 2.g3 c5 3.Bg2 Nc6 4.O-O Nf6 5.d4 e6 6.c4 cxd4 7.Nxd4 Bc5 8.Nb3 Be7
9.cxd5 Nxd5 10.a3 O-O 11.e4 Nb6 12.Qe2 Nd4 13.Nxd4 Qxd4 14.Rd1 Qc4 15.Qxc4 Nxc4
16.Nc3 Rd8 17.Rxd8+ Bxd8 18.Bf1 Na5 19.Bf4 Nc6 20.Rd1 e5 21.Be3 Bg4 22.Be2 Be6
23.Kg2 g6 24.f4 f5 25.Bf3 Kf7 26.exf5 gxf5 27.Bh5+ Kf6 28.Rd6 Ne7 29.Nb5 Ng6
30.fxe5+ Nxe5 31.Nd4  1-0

[Event "Acasusso op"]
[Site "Acasusso"]
[Date "1991.??.??"]
[Round "6"]
[White "Rubinetti, Jorge A"]
[Black "Cid, Marino Alejandro"]
[Result "1-0"]
[WhiteElo "2440"]
[BlackElo "2445"]

1.Nf3 d5 2.g3 c6 3.Bg2 Bg4 4.h3 Bxf3 5.Bxf3 Nd7 6.Bg2 e6 7.d3 Ngf6 8.O-O Be7
9.Nd2 O-O 10.e4 dxe4 11.dxe4 b5 12.Qe2 e5 13.Nf3 Re8 14.Nh4 g6 15.Nf3 Bf8
16.Nh2 Nc5 17.Bg5 h6 18.Rad1 Qe7 19.Bc1 Rad8 20.b3 a5 21.Bb2 Qc7 22.h4 Bg7
23.Rfe1 a4 24.b4 Ncd7 25.Nf3 Ra8 26.a3 Nb6 27.Nd2 c5 28.Qxb5 cxb4 29.Qxb4 Bf8
30.Qb5 Rab8 31.Qd3 Rbd8 32.Qf3 Qxc2 33.Bc1 Bg7 34.Bf1 h5 35.Bb5 Re6 36.Nc4 Rxd1
37.Qxd1 Qxd1 38.Rxd1 Nxc4 39.Bxc4 Re8 40.Bb5 Ra8 41.Bc6 Ra6 42.Rd8+ Kh7 43.Rc8 Ng8
44.Be8 Nh6 45.Rc4 Ra8 46.Bxa4 Bf8 47.Kg2 Ng4 48.Bc6 Ra5 49.f3 Bxa3 50.fxg4 Bxc1
51.Rxc1 hxg4 52.Rf1 Kg7 53.Bd7 Ra7 54.Bxg4 Ra4 55.Bf3 f5 56.exf5 gxf5 57.Bd1 Rd4
58.Rxf5 Rxd1 59.Rxe5 Rd3 60.Re6 Ra3 61.Kh3 Rb3 62.h5 Ra3 63.Kh4 Ra4+ 64.g4 Rb4
65.h6+ Kh7 66.Kh5 Rb5+ 67.g5 Ra5 68.Re7+ Kg8 69.Kg6 Ra6+ 70.Kf5 Ra5+ 71.Kf6 Ra6+
72.Re6 Ra7 73.Re8+ Kh7 74.g6+  1-0

[Event "Acasusso op"]
[Site "Acasusso"]
[Date "1991.??.??"]
[Round "11"]
[White "Bertaccini, Daniel"]
[Black "Bulcourf, Carlos"]
[Result "0-1"]
[WhiteElo "2325"]
[BlackElo "2205"]

1.Nf3 d5 2.g3 Nf6 3.Bg2 c6 4.b3 Bf5 5.Nh4 e6 6.Bb2 a5 7.a4 Nbd7 8.Nxf5 exf5
9.Bh3 g6 10.O-O Bg7 11.d3 O-O 12.Nd2 Re8 13.Ra2 h5 14.Re1 Nc5 15.Qa1 Na6
16.Qc1 Bh6 17.e3 h4 18.Nf1 c5 19.f4 d4 20.Bg2 Nb4 21.Ra1 Qd7 22.Qd2 g5 23.exd4 cxd4
24.fxg5 hxg3 25.gxh6 gxh2+ 26.Nxh2 Nh7 27.Nf3 Nc6 28.c3 f6 29.cxd4 Kh8 30.d5 Nb4
31.Rxe8+ Rxe8 32.Ng5 Rg8 33.Nxh7 Kxh7 34.Kh1 Nxd5 35.Rf1 f4 36.Be4+ f5 37.Bxd5 Qxd5+
38.Kh2 Rg5 39.Rxf4 Rh5+ 40.Kg3 Qh1 41.Bd4 Rg5+ 42.Kf2 Rg2+ 43.Ke3 Qh3+  0-1